| 000 | 00467nam a2200193Ia 4500 | ||
|---|---|---|---|
| 003 | GCL | ||
| 008 | 140319s9999 xx 000 0 eng d | ||
| 040 |
_aGCL / _cGCL |
||
| 082 | 0 | 4 |
_aCC _b916.204 _bF V |
| 100 | 1 | _aFORESIEN, JEAN P. | |
| 245 | 1 | 0 |
_aVOYAGE EN EGYPTE, 1581 / _cFORESIEN, JEAN P. |
| 700 | 1 | _aIFAO | |
| 260 |
_a[S.N] : _bI.F.A.O ، _c1971 |
||
| 300 | _a203 P P | ||
| 650 | 0 | 4 | _aEGYPT |
| 650 | 0 | 4 | _aTRAVELS |
| 650 | 0 | 4 | _aCOLLECTIONS |
| 942 |
_2ddc _cBK |
||
| 999 |
_c17622 _d17622 |
||